000
00304nam a22001337a 4500
008
231125b |||||||| |||| 00| 0 eng d
040
_a
02
082
_a
615.41(RAJ)
100
_a
RAJE,V.N.
245
_a
HOSPITAL AND CLINICAL PHARMACY
260
_a
NEW DELHI
_b
CBS
_c
2022
300
_a
210
942
_c
01
999
_c
57706
_d
57706